|
|
|
|
| LEADER |
00000nam0a2200000 4500 |
| 001 |
363126 |
| 005 |
20231102011546.0 |
| 035 |
|
|
|a (RuTPU)RU\TPU\retro\20473
|
| 090 |
|
|
|a 363126
|
| 100 |
|
|
|a 20210920d1981 km y0rusy50 ca
|
| 101 |
0 |
|
|a rus
|
| 102 |
|
|
|a UA
|
| 105 |
|
|
|a a z 001zy
|
| 200 |
1 |
|
|a Теория пластичности и неустановившейся ползучести
|f К. Н. Русинко
|
| 210 |
|
|
|a Львов
|c Изд-во Львовского ун-та
|d 1981
|
| 215 |
|
|
|a 148 с.
|c ил.
|
| 320 |
|
|
|a Библиогр.: с. 143-147
|
| 606 |
1 |
|
|a Пластичность, теория
|2 stltpush
|3 (RuTPU)RU\TPU\subj\49068
|9 67879
|
| 606 |
1 |
|
|a Ползучесть, теория
|2 stltpush
|3 (RuTPU)RU\TPU\subj\50143
|9 68890
|
| 610 |
1 |
|
|a скольжение
|
| 610 |
1 |
|
|a теория Батдорфа-Будянского
|
| 610 |
1 |
|
|a теория Леонова
|
| 610 |
1 |
|
|a деформации
|
| 610 |
1 |
|
|a математическая теория
|
| 675 |
|
|
|a 539.5
|v 4
|
| 675 |
|
|
|a 539.376
|v 4
|
| 700 |
|
1 |
|a Русинко
|b К. Н.
|g Константин Николаевич
|
| 801 |
|
1 |
|a RU
|b 63413507
|c 20210920
|
| 942 |
|
|
|c BK
|